[Event "Belgrade-ch"]
[Site "Belgrade"]
[Date "2010.01.29"]
[Round "7"]
[White "Krneta, Milan R"]
[Black "Djordjevic, Lazar"]
[Result "0-1"]
[WhiteElo "2010"]
[BlackElo "1539"]
[PlyCount "110"]
[EventDate "2010.01.23"]
[EventType "swiss"]
[EventRounds "9"]
[EventCountry "YUG"]
[SourceTitle "CBM 134 Extra"]
[Source "ChessBase"]
[SourceDate "2010.03.03"]
[SourceVersion "1"]
[SourceVersionDate "2010.03.03"]
[SourceQuality "1"]

1. e4 c5 2. Nf3 e6 3. d4 cxd4 4. Nxd4 Nf6 5. Bg5 h6 6. Bxf6 gxf6 7. c3 Qb6 8. Qc2 Nc6 9. Nxc6 bxc6 10. Nd2 d5 11. exd5 cxd5 12. Nb3 Bd7 13. Nd4 Rc8 14. g3 Qxd4 15. Bd3 Qe5+ 16. Kf1 d4 17. c4 Bc6 18. Rg1 Qh5 19. h4 Qg4 20. a3 Qh3+ 21. Ke2 Qg4+ 22. Kd2 f5 23. Rae1 h5 24. Kc1 Bh6+ 25. Kb1 0-0 26. f4 Bd5 27. Ka1 Rc7 28. b3 Bg7 29. Ka2 a5 30. a4 Rb8 31. Qd2 Bc6 32. Qxa5 Rcb7 33. Rb1 Qf3 34. Qd2 Be4 35. Rgd1 Qxg3 36. Qc2 Bxd3 37. Rxd3 Qxf4 38. Rg1 Rxb3 39. Rxg7+ Kxg7 40. Rxb3 Rxb3 41. Kxb3 Qe3+ 42. Kb4 d3 43. Qc3+ f6 44. c5 Qe4+ 45. Ka3 Qd5 46. c6 d2 47. c7 Qd6+ 48. Ka2 d1Q 49. c8Q Qxa4+ 50. Kb2 Qh2+ 51. Kc1 Qhf4+ 52. Kb1 Qf1+ 53. Qc1 Qab5+ 54. Ka1 Qa4+ 55. Kb1 Qb3+ 0-1

[Event "Belgrade-ch"]
[Site "Belgrade"]
[Date "2010.01.27"]
[Round "5"]
[White "Mladenovic, Aleksandar"]
[Black "Krneta, Milan R"]
[Result "1-0"]
[WhiteElo "1745"]
[BlackElo "2010"]
[PlyCount "93"]
[EventDate "2010.01.23"]
[EventType "swiss"]
[EventRounds "9"]
[EventCountry "YUG"]
[SourceTitle "CBM 134 Extra"]
[Source "ChessBase"]
[SourceDate "2010.03.03"]
[SourceVersion "1"]
[SourceVersionDate "2010.03.03"]
[SourceQuality "1"]

1. d4 d5 2. c4 c6 3. cxd5 cxd5 4. Nc3 e6 5. Nf3 Nf6 6. Bf4 Nc6 7. e3 a6 8. Bd3 Bd6 9. Bxd6 Qxd6 10. 0-0 0-0 11. Rc1 e5 12. dxe5 Nxe5 13. Nxe5 Qxe5 14. Be2 Bd7 15. Bf3 Bc6 16. Qb3 Rad8 17. Rfd1 Rd6 18. Ne2 Rfd8 19. Nd4 g5 20. Be2 g4 21. Nxc6 bxc6 22. Bxa6 Ne4 23. Bd3 Rh6 24. Bxe4 Qxh2+ 25. Kf1 Rb8 26. Qc2 dxe4 27. Qxe4 Qh1+ 28. Ke2 Rxb2+ 29. Rd2 Rxd2+ 30. Kxd2 Qh4 31. g3 Qd8+ 32. Ke2 Qc8 33. Rc4 Rg6 34. a4 h6 35. Kf1 Qa8 36. Kg1 Qc8 37. Qe5 Rg5 38. Qd6 Rg6 39. Qc5 Qb7 40. Rb4 Qc7 41. a5 Rg5 42. Qb6 Qe5 43. a6 Qc3 44. a7 Qc1+ 45. Kg2 Rh5 46. a8Q+ Kh7 47. Rb1 1-0

[Event "Belgrade-ch"]
[Site "Belgrade"]
[Date "2010.01.23"]
[Round "1"]
[White "Carnic, Dejan"]
[Black "Krneta, Milan R"]
[Result "1-0"]
[WhiteElo "2121"]
[BlackElo "2010"]
[PlyCount "41"]
[EventDate "2010.01.23"]
[EventType "swiss"]
[EventRounds "9"]
[EventCountry "YUG"]
[SourceTitle "CBM 134 Extra"]
[Source "ChessBase"]
[SourceDate "2010.03.03"]
[SourceVersion "1"]
[SourceVersionDate "2010.03.03"]
[SourceQuality "1"]

1. e4 e5 2. Nf3 d6 3. d4 exd4 4. Qxd4 Nc6 5. Bb5 Bd7 6. Bxc6 Bxc6 7. Nc3 Nf6 8. Bg5 Be7 9. 0-0-0 h6 10. Bh4 b6 11. e5 dxe5 12. Qc4 Bd7 13. Nxe5 0-0 14. Bxf6 Bxf6 15. Nxd7 Bxc3 16. Nxf8 Bxb2+ 17. Kxb2 Qxf8 18. Rhe1 b5 19. Qe4 a5 20. Qe7 Qb8 21. Rd7 1-0

[Event "Vojvodina Cup"]
[Site "Banja Junakovic"]
[Date "2009.04.30"]
[Round "1"]
[White "Krneta, Milan R"]
[Black "Ujhazi, Ivan"]
[Result "1/2-1/2"]
[WhiteElo "2010"]
[BlackElo "2211"]
[PlyCount "144"]
[EventDate "2009.04.30"]
[EventType "team-tourn"]
[EventRounds "5"]
[EventCountry "YUG"]
[SourceTitle "EXT 2011"]
[Source "ChessBase"]
[SourceDate "2010.11.26"]
[SourceVersion "1"]
[SourceVersionDate "2010.11.26"]
[SourceQuality "1"]

1. d4 Nf6 2. g3 d5 3. Bg2 e6 4. Nf3 c5 5. c3 Nc6 6. 0-0 Bd6 7. Bg5 h6 8. Bxf6 Qxf6 9. e3 0-0 10. Nbd2 Rd8 11. Rc1 e5 12. dxe5 Nxe5 13. Nxe5 Bxe5 14. Qe2 Qb6 15. Nb3 a5 16. Rcd1 a4 17. Nc1 a3 18. b3 Be6 19. Qc2 Bf6 20. Rfe1 Rac8 21. e4 dxe4 22. c4 Rxd1 23. Rxd1 Bg4 24. Rd5 Re8 25. Ne2 Qb4 26. Kf1 Bf3 27. h4 g6 28. Rd6 Be5 29. Rd5 Kg7 30. Qd2 Qxd2 31. Rxd2 e3 32. fxe3 Bxe2+ 33. Kxe2 Bxg3 34. h5 gxh5 35. Kf3 Bh4 36. Rd5 b6 37. Bh3 Bg5 38. e4 Bf6 39. Kf4 Bg5+ 40. Kf5 Rb8 41. Bf1 Kf8 42. e5 Ke7 43. Ke4 f5+ 44. exf6+ Bxf6 45. Rd2 Rf8 46. Be2 h4 47. Bg4 Bd4 48. Rh2 Bf2 49. Bf5 Bg3 50. Rd2 Bd6 51. Rg2 Rxf5 52. Kxf5 h3 53. Rg1 h2 54. Re1+ Kf7 55. Kg4 Kf6 56. Kh3 Kf5 57. Kg2 Bf4 58. Rb1 Bd2 59. Rd1 Bf4 60. Kf3 h5 61. Rd5+ Be5 62. Rd1 Bd4 63. Kg2 Ke4 64. Kxh2 Ke3 65. Re1+ Kd2 66. Re6 Kc2 67. Rxb6 Bc3 68. Rb5 Kb2 69. Rxc5 Kxa2 70. Rc6 Kxb3 71. Ra6 a2 72. Rxa2 Kxa2 1/2-1/2